000 00580nam a22001817a 4500
005 20251108164958.0
008 250721s1995 xx 000 0 ara d
082 1 4 _a657.48/حنف
100 1 _aعيد، حنفي زكي
245 1 0 _aدراسة محاسبية لجدوى المشروعات /
264 1 _aالقاهره :
_bجامعة القاهره - التعليم المفتوح،
_c1995.
300 _a205ص
650 1 7 _aالمحاسبة
650 1 7 _aالمحاسبة المالية
700 1 _aمصطفى، صادق حامد
942 _2ddc
_cBK
999 _c18941
_d18941